[Event "ISR-chT"]
[Site "Israel"]
[Date "2024.01.19"]
[Round "3.21"]
[White "Lev, Ronen"]
[Black "Grinberg, Eyal"]
[Result "1/2-1/2"]
[WhiteElo "2336"]
[BlackElo "2462"]
[PlyCount "102"]
[EventDate "2024.01.10"]
[EventType "team-tourn"]
[EventRounds "11"]
[EventCountry "ISR"]
[SourceTitle "CB09_2024"]
[SourceDate "2024.02.28"]
[SourceVersion "1"]
[SourceVersionDate "2024.02.28"]
[SourceQuality "1"]
[WhiteTeam "Herzliya Haim"]
[BlackTeam "Ramat Gan Etude"]
[WhiteTeamCountry "ISR"]
[BlackTeamCountry "ISR"]

1. d4 d5 2. c4 c6 3. Nf3 Nf6 4. Nc3 e6 5. cxd5 exd5 6. Bg5 Bf5 7. e3 Qb6 8. Qc1 Nbd7 9. Be2 Bd6 10. 0-0 Qc7 11. Bh4 Ne4 12. a3 0-0 13. Bg3 Nxg3 14. hxg3 Nf6 15. Nh4 Bd7 16. Qc2 Rfe8 17. Bd3 g6 18. Rac1 a6 19. Nf3 Re7 20. Rfe1 Rae8 21. b4 Qb8 22. e4 dxe4 23. Nxe4 Nxe4 24. Rxe4 Rxe4 25. Bxe4 Qa7 26. Rd1 a5 27. Ne5 Be6 28. Qc3 axb4 29. axb4 Ra8 30. Nd3 Qa2 31. Nc5 Bxc5 32. dxc5 Qe2 33. Rd4 Qa6 34. Qd2 Qa1+ 35. Kh2 Kg7 36. b5 Ra2 37. Qe3 Qf1 38. bxc6 Ra1 39. g4 bxc6 40. Bxc6 Re1 41. Qf4 h6 42. Re4 Rc1 43. Qe5+ Kh7 44. Qf6 Qd3 45. Rd4 Qc3 46. Be4 Qa1 47. g5 hxg5 48. Bxg6+ fxg6 49. Qe7+ Kh6 50. Qf8+ Kh7 51. Qe7+ Kh6 1/2-1/2

[Event "ISR-chT"]
[Site "Israel"]
[Date "2020.01.11"]
[Round "2.3"]
[White "Lev, Ronen"]
[Black "Zifroni, Dov"]
[Result "0-1"]
[WhiteElo "2342"]
[BlackElo "2452"]
[PlyCount "84"]
[EventDate "2020.01.10"]
[EventType "team-tourn"]
[EventRounds "11"]
[EventCountry "ISR"]
[SourceTitle "CBM 194 Extra"]
[Source "ChessBase"]
[SourceDate "2020.03.31"]
[SourceVersion "1"]
[SourceVersionDate "2020.03.31"]
[SourceQuality "1"]
[WhiteTeam "Herzliya Atudat Haim"]
[BlackTeam "Herzliya"]
[WhiteTeamCountry "ISR"]
[BlackTeamCountry "ISR"]

1. d4 Nf6 2. c4 e6 3. Nf3 d5 4. Nc3 dxc4 5. e3 a6 6. Bxc4 b5 7. Bd3 Bb7 8. 0-0 c5 9. dxc5 Bxc5 10. Qe2 Nbd7 11. e4 Qb8 12. Bg5 0-0 13. Rac1 Bd6 14. a3 h6 15. Bd2 Ng4 16. h3 Nge5 17. Nxe5 Nxe5 18. Bb1 Nc4 19. Be1 Bh2+ 20. Kh1 Bf4 21. Rd1 Qc7 22. Ba2 Rfd8 23. Rxd8+ Rxd8 24. Bxc4 bxc4 25. g3 Be5 26. Kh2 Qc6 27. f3 Rd3 28. Na2 Qc7 29. Nc1 Rd7 30. Qc2 Qd6 31. f4 Bd4 32. Ne2 Qc6 33. Nxd4 Rxd4 34. Bc3 Rxe4 35. Rd1 f6 36. Qg2 Qa4 37. Rd8+ Kh7 38. Qd2 Bd5 39. f5 Qc6 40. Bb4 c3 41. Bxc3 Qb5 42. a4 Qf1 0-1

[Event "ISR-chT"]
[Site "Israel"]
[Date "2020.01.10"]
[Round "1.1"]
[White "Shvayger, Yuliya"]
[Black "Lev, Ronen"]
[Result "1/2-1/2"]
[WhiteElo "2346"]
[BlackElo "2342"]
[PlyCount "70"]
[EventDate "2020.01.10"]
[EventType "team-tourn"]
[EventRounds "11"]
[EventCountry "ISR"]
[SourceTitle "CBM 194 Extra"]
[Source "ChessBase"]
[SourceDate "2020.03.31"]
[SourceVersion "1"]
[SourceVersionDate "2020.03.31"]
[SourceQuality "1"]
[WhiteTeam "Beer Sheva K"]
[BlackTeam "Herzliya Atudat Haim"]
[WhiteTeamCountry "ISR"]
[BlackTeamCountry "ISR"]

1. e4 e5 2. Nf3 Nc6 3. Bc4 Bc5 4. c3 Nf6 5. d4 exd4 6. e5 d5 7. Bb5 Ne4 8. cxd4 Bb4+ 9. Bd2 Be7 10. Nc3 0-0 11. 0-0 Bg4 12. Be3 f6 13. exf6 Bxf6 14. Nxe4 dxe4 15. Bxc6 bxc6 16. Qb3+ Qd5 17. Ne5 Bxe5 18. dxe5 Rfe8 19. Rfc1 Qxb3 20. axb3 Rxe5 21. Rxc6 Rd5 22. Rxc7 a6 23. h3 Be2 24. Re7 Rad8 25. Rxe4 Rd1+ 26. Rxd1 Rxd1+ 27. Kh2 Bb5 28. Bd4 Rd2 29. Rg4 g6 30. Kg3 Rd3+ 31. Kh4 Bd7 32. Re4 Bc6 33. Rg4 Bd7 34. Re4 Bc6 35. Rg4 Bd7 1/2-1/2

[Event "ISR-chT"]
[Site "Israel"]
[Date "2019.02.22"]
[Round "7.5"]
[White "Psakhis, Lev"]
[Black "Lev, Ronen"]
[Result "1-0"]
[WhiteElo "2455"]
[BlackElo "2355"]
[PlyCount "83"]
[EventDate "2019.01.04"]
[EventType "team-tourn"]
[EventRounds "11"]
[EventCountry "ISR"]
[SourceTitle "CBM 189 Extra"]
[Source "ChessBase"]
[SourceDate "2019.06.03"]
[SourceVersion "1"]
[SourceVersionDate "2019.06.03"]
[SourceQuality "1"]
[WhiteTeam "Tsafrir Rehovot"]
[BlackTeam "Herzliya"]
[WhiteTeamCountry "ISR"]
[BlackTeamCountry "ISR"]

1. e4 e5 2. Nf3 Nc6 3. Bb5 a6 4. Ba4 Nf6 5. 0-0 Be7 6. d3 b5 7. Bb3 d6 8. a3 0-0 9. Nc3 Be6 10. Nd5 Na5 11. Nxf6+ Bxf6 12. Bxe6 fxe6 13. b4 Nc6 14. c3 a5 15. Qb3 Qd7 16. Be3 Rfb8 17. Rfc1 Ra6 18. g3 Rba8 19. Qd1 axb4 20. axb4 Qc8 21. Rab1 Ra4 22. h4 Qd7 23. Kg2 Qe8 24. Nh2 Qd7 25. h5 Qf7 26. h6 g6 27. Qg4 Ra2 28. Nf3 Nb8 29. c4 bxc4 30. dxc4 Nd7 31. c5 dxc5 32. bxc5 Nb8 33. c6 R2a6 34. Bb6 Qe7 35. Rb5 Qd6 36. Bxc7 Qxc7 37. Qxe6+ Qf7 38. Qc8+ Qf8 39. Qxf8+ Kxf8 40. c7 Nc6 41. Rb8+ Rxb8 42. Rxc6 1-0

[Event "ISR-chT"]
[Site "Israel"]
[Date "2019.02.08"]
[Round "3.6"]
[White "Lev, Ronen"]
[Black "Bykhovsky, Avigdor"]
[Result "0-1"]
[WhiteElo "2355"]
[BlackElo "2419"]
[PlyCount "72"]
[EventDate "2019.01.04"]
[EventType "team-tourn"]
[EventRounds "11"]
[EventCountry "ISR"]
[SourceTitle "CBM 188 Extra"]
[Source "ChessBase"]
[SourceDate "2019.02.26"]
[SourceVersion "1"]
[SourceVersionDate "2019.02.26"]
[SourceQuality "1"]
[WhiteTeam "Herzliya"]
[BlackTeam "Petah Tikva Elitzur Dov"]
[WhiteTeamCountry "ISR"]
[BlackTeamCountry "ISR"]

1. d4 Nf6 2. c4 e6 3. Nc3 Bb4 4. Qc2 0-0 5. a3 Bxc3+ 6. Qxc3 b6 7. b4 Bb7 8. Bb2 d6 9. f3 c5 10. Rd1 Qe7 11. dxc5 bxc5 12. e3 Nbd7 13. Bd3 Rfc8 14. b5 a6 15. a4 axb5 16. axb5 Nb6 17. Ne2 d5 18. Kf2 dxc4 19. Bxc4 Bd5 20. Bd3 Na4 21. Qc1 Bb3 22. Bc2 Bxc2 23. Qxc2 Nd5 24. Ba1 Nb4 25. Qc4 Nb6 26. Qc3 f6 27. Rb1 Ra2 28. Rhd1 Qe8 29. Qb3 Rca8 30. Bb2 Qxb5 31. Qxe6+ Kh8 32. Nc1 R2a7 33. Qe4 Re8 34. Qf5 Nc4 35. e4 Qa4 36. Nd3 Qc2+ 0-1

[Event "ISR-chT"]
[Site "Israel"]
[Date "2018.02.23"]
[Round "9.3"]
[White "Rozentalis, Eduardas"]
[Black "Lev, Ronen"]
[Result "0-1"]
[WhiteElo "2527"]
[BlackElo "2350"]
[PlyCount "57"]
[EventDate "2018.01.05"]
[EventType "team-tourn"]
[EventRounds "11"]
[EventCountry "ISR"]
[SourceTitle "EXT 2019"]
[Source "ChessBase"]
[SourceDate "2018.10.10"]
[SourceVersion "1"]
[SourceVersionDate "2018.10.10"]
[SourceQuality "1"]
[WhiteTeam "Kfar Saba Hapoel"]
[BlackTeam "Herzliya"]
[WhiteTeamCountry "ISR"]
[BlackTeamCountry "ISR"]

1. e4 e5 2. Nc3 Nc6 3. g3 Bc5 4. Nf3 a6 5. Bg2 d6 6. d3 Nge7 7. 0-0 0-0 8. Nh4 f5 9. exf5 Nxf5 10. Nxf5 Bxf5 11. Be3 Bxe3 12. fxe3 Qd7 13. Bd5+ Kh8 14. Qf3 Qe8 15. Rf2 Bh3 16. Qxf8+ Qxf8 17. Rxf8+ Rxf8 18. Bxc6 bxc6 19. Ne4 c5 20. a3 a5 21. a4 Kg8 22. b3 h6 23. Nd2 Be6 24. Rb1 Kf7 25. Nc4 Ra8 26. e4 Ke7 27. Kg2 Ra7 28. Ne3 Ra8 29. Rf1 0-1

[Event "ISR-chT"]
[Site "Israel"]
[Date "2015.05.01"]
[Round "11.3"]
[White "Veinberg, Nimrod"]
[Black "Lev, Ronen"]
[Result "1/2-1/2"]
[WhiteElo "2353"]
[BlackElo "2361"]
[PlyCount "56"]
[EventDate "2015.01.09"]
[EventType "team-tourn"]
[EventRounds "11"]
[EventCountry "ISR"]
[SourceTitle "EXT 2016"]
[Source "ChessBase"]
[SourceDate "2015.10.08"]
[SourceVersion "1"]
[SourceVersionDate "2015.10.08"]
[SourceQuality "1"]
[WhiteTeam "Petah Tikva Hapoel"]
[BlackTeam "Herzliya"]
[WhiteTeamCountry "ISR"]
[BlackTeamCountry "ISR"]

1. d4 d5 2. c4 dxc4 3. Nf3 Nf6 4. e3 e6 5. Bxc4 c5 6. Qe2 a6 7. dxc5 Bxc5 8. e4 Nc6 9. 0-0 Qc7 10. Nc3 Ng4 11. g3 0-0 12. Bf4 e5 13. Nd5 Qd6 14. Bd2 Nf6 15. Nxf6+ Qxf6 16. Bg5 Qg6 17. Be3 Bxe3 18. Qxe3 Bg4 19. Bd5 Bxf3 20. Bxc6 Qxc6 21. Qxf3 Rac8 22. Rfe1 Rfd8 23. Qe3 Qc2 24. Re2 Rd1+ 25. Rxd1 Qxd1+ 26. Re1 Qc2 27. Qe2 g6 28. Kf1 Kf8 1/2-1/2

[Event "ISR-chT 1011"]
[Site "Israel"]
[Date "2011.06.10"]
[Round "11.3"]
[White "Lev, Ronen"]
[Black "Baron, Tal"]
[Result "1/2-1/2"]
[WhiteElo "2398"]
[BlackElo "2465"]
[PlyCount "92"]
[EventDate "2010.12.24"]
[EventType "team-tourn"]
[EventRounds "11"]
[EventCountry "ISR"]
[SourceTitle "EXT 2012"]
[Source "ChessBase"]
[SourceDate "2011.11.24"]
[SourceVersion "1"]
[SourceVersionDate "2011.11.24"]
[SourceQuality "1"]
[WhiteTeam "Herzliya"]
[BlackTeam "Rishon Le Zion Feldklein"]
[WhiteTeamCountry "ISR"]
[BlackTeamCountry "ISR"]

1. Nf3 d5 2. d4 Nf6 3. c4 c6 4. Nc3 a6 5. Qb3 dxc4 6. Qxc4 b5 7. Qb3 e6 8. Bg5 c5 9. dxc5 Bb7 10. a4 Nbd7 11. axb5 axb5 12. Rd1 Bxc5 13. e3 Qb6 14. Bxb5 0-0 15. Qc2 Bxf3 16. gxf3 Ne5 17. Bxf6 gxf6 18. Qe4 Rab8 19. Ke2 Ng6 20. f4 f5 21. Qa4 Be7 22. Rd2 Bf6 23. Bd7 Rfd8 24. Rhd1 Ne7 25. Qc4 Qa5 26. Qa4 Qc5 27. Rc2 Rb4 28. Qa6 Rb6 29. Qa4 Rb4 30. Qa6 Rdb8 31. Rdd2 R4b6 32. Qa2 Qb4 33. Qa4 Bxc3 34. bxc3 Qc5 35. c4 Rb1 36. Bb5 e5 37. Qa6 exf4 38. Qd6 Qxd6 39. Rxd6 Rh1 40. Rcd2 Kg7 41. Kf3 Ng6 42. Kg2 Re1 43. Rd1 Rxd1 44. Rxd1 fxe3 45. fxe3 f4 46. exf4 Nxf4+ 1/2-1/2

[Event "ISR-chT"]
[Site "Israel"]
[Date "2010.04.23"]
[Round "7.4"]
[White "Lev, Ronen"]
[Black "Karasik, Evgeni"]
[Result "1-0"]
[WhiteElo "2395"]
[BlackElo "2255"]
[PlyCount "121"]
[EventDate "2010.01.29"]
[EventType "team"]
[EventRounds "11"]
[EventCountry "ISR"]
[SourceTitle "EXT 2011"]
[Source "ChessBase"]
[SourceDate "2010.11.26"]
[SourceVersion "1"]
[SourceVersionDate "2010.11.26"]
[SourceQuality "1"]
[WhiteTeam "Herzliya"]
[BlackTeam "Beer Sheva VI"]
[WhiteTeamCountry "ISR"]
[BlackTeamCountry "ISR"]

1. d4 Nf6 2. c4 c5 3. d5 b5 4. cxb5 a6 5. b6 e6 6. Nc3 Nxd5 7. Nxd5 exd5 8. Qxd5 Nc6 9. Nf3 Rb8 10. e4 Be7 11. Bc4 0-0 12. 0-0 Rxb6 13. Qh5 d6 14. Ng5 Bxg5 15. Bxg5 Qe8 16. Rae1 Qe5 17. Kh1 Be6 18. f4 Qd4 19. Bxe6 fxe6 20. b3 Rb7 21. Qh3 Re8 22. f5 exf5 23. exf5 Rxe1 24. Rxe1 Ne5 25. f6 Rf7 26. Qc8+ Rf8 27. Qe6+ Nf7 28. fxg7 Qxg7 29. Be7 Re8 30. Qd7 Ra8 31. Qc6 Rb8 32. Bxd6 Qf6 33. Re8+ Rxe8 34. Qxe8+ Kg7 35. Bxc5 Qa1+ 36. Bg1 Qf1 37. Qe4 Ng5 38. Qe3 Kg6 39. h4 Nf7 40. g4 h5 41. Qe4+ Kg7 42. Kh2 hxg4 43. Bd4+ Kf8 44. Bc5+ Kg7 45. Qxg4+ Kf6 46. Bd4+ Ke7 47. h5 Qd3 48. Bc5+ Kf6 49. Qf4+ Kg7 50. Bd4+ Kf8 51. Bc5+ Kg7 52. Qg3+ Qxg3+ 53. Kxg3 Kh6 54. Kh4 Ne5 55. Bf8+ Kh7 56. b4 Nd7 57. Bd6 Nb6 58. Bc5 Na4 59. Bd4 Kh6 60. Kg4 Kh7 61. Kg5 1-0

[Event "EU-Cup 23rd"]
[Site "Kemer"]
[Date "2007.10.07"]
[Round "5.3"]
[White "Lev, Ronen"]
[Black "Lehtinen, Heikki"]
[Result "1-0"]
[WhiteElo "2414"]
[BlackElo "2366"]
[PlyCount "84"]
[EventDate "2007.10.03"]
[EventType "team-swiss"]
[EventRounds "7"]
[EventCountry "TUR"]
[SourceTitle "CBM 121"]
[Source "ChessBase"]
[SourceDate "2007.11.14"]
[SourceVersion "1"]
[SourceVersionDate "2007.11.14"]
[SourceQuality "1"]
[WhiteTeam "Herzliya"]
[BlackTeam "Tampere"]
[WhiteTeamCountry "ISR"]
[BlackTeamCountry "FIN"]

1. Nf3 g6 2. d4 Bg7 3. c4 d6 4. Nc3 e5 5. g3 Nd7 6. Bg2 Ne7 7. 0-0 0-0 8. e4 exd4 9. Nxd4 Nc6 10. Nde2 a5 11. Be3 Nc5 12. Qd2 a4 13. Rab1 Na5 14. Qc2 Nxc4 15. Bxc5 dxc5 16. Nxa4 b5 17. Rfd1 Qe7 18. Nac3 c6 19. Nf4 Bg4 20. Re1 Rfd8 21. h3 Bc8 22. Rbd1 Rxd1 23. Rxd1 Nxb2 24. Qxb2 b4 25. Ncd5 cxd5 26. Nxd5 Qa7 27. e5 Bf5 28. Nf6+ Bxf6 29. Bxa8 Be7 30. Bd5 Bxh3 31. Qe2 Bc8 32. e6 f6 33. Bc4 Kg7 34. f4 Qc7 35. Kf2 f5 36. Qe3 Bf6 37. Rd5 Bd4 38. Rxd4 cxd4 39. Qxd4+ Kh6 40. Ke3 Bb7 41. Kd2 Qg7 42. Qxg7+ Kxg7 1-0

[Event "EU-Cup 23rd"]
[Site "Kemer"]
[Date "2007.10.06"]
[Round "4.3"]
[White "Cornette, Matthieu"]
[Black "Lev, Ronen"]
[Result "1-0"]
[WhiteElo "2494"]
[BlackElo "2414"]
[PlyCount "87"]
[EventDate "2007.10.03"]
[EventType "team-swiss"]
[EventRounds "7"]
[EventCountry "TUR"]
[SourceTitle "CBM 121"]
[Source "ChessBase"]
[SourceDate "2007.11.14"]
[SourceVersion "1"]
[SourceVersionDate "2007.11.14"]
[SourceQuality "1"]
[WhiteTeam "Cannes"]
[BlackTeam "Herzliya"]
[WhiteTeamCountry "FRA"]
[BlackTeamCountry "ISR"]

1. e4 e5 2. Nf3 Nc6 3. Bb5 a6 4. Bxc6 dxc6 5. 0-0 f6 6. d4 exd4 7. Nxd4 c5 8. Ne2 Be6 9. Bf4 Bd6 10. Nbc3 Ne7 11. Qc1 Ng6 12. Bxd6 Qxd6 13. f4 Ne7 14. Rd1 Qc6 15. f5 Bf7 16. Nf4 0-0 17. Ncd5 Rfe8 18. c4 Nc8 19. Re1 Nd6 20. Qc2 Kf8 21. e5 fxe5 22. Ne6+ Bxe6 23. fxe6 e4 24. Rxe4 Nxe4 25. Qxe4 Kg8 26. Re1 Qd6 27. Re3 Rf8 28. e7 Rfe8 29. Qg4 Qg6 30. Qxg6 hxg6 31. Nxc7 Kf7 32. Nxa8 Rxa8 33. Kf2 Re8 34. Kf3 Rxe7 35. Rxe7+ Kxe7 36. Kf4 Kf6 37. h4 b6 38. a4 a5 39. b3 g5+ 40. hxg5+ Ke6 41. g6 Kf6 42. Ke4 Kxg6 43. Kd5 Kg5 44. Kc6 1-0

[Event "EU-Cup 23rd"]
[Site "Kemer"]
[Date "2007.10.04"]
[Round "2.3"]
[White "Lev, Ronen"]
[Black "Zhigalko, Sergei"]
[Result "1/2-1/2"]
[WhiteElo "2414"]
[BlackElo "2562"]
[PlyCount "82"]
[EventDate "2007.10.03"]
[EventType "team-swiss"]
[EventRounds "7"]
[EventCountry "TUR"]
[SourceTitle "CBM 121"]
[Source "ChessBase"]
[SourceDate "2007.11.14"]
[SourceVersion "1"]
[SourceVersionDate "2007.11.14"]
[SourceQuality "1"]
[WhiteTeam "Herzliya"]
[BlackTeam "Vesnianka Gran"]
[WhiteTeamCountry "ISR"]
[BlackTeamCountry "BLR"]

1. d4 Nf6 2. c4 e6 3. Nc3 Bb4 4. Qc2 0-0 5. a3 Bxc3+ 6. Qxc3 d6 7. Nf3 b6 8. Bg5 Bb7 9. Nd2 Nbd7 10. f3 c5 11. dxc5 bxc5 12. e3 Qb6 13. Bd3 a5 14. 0-0 Rfe8 15. Bc2 d5 16. Rfe1 a4 17. Rac1 Bc6 18. cxd5 exd5 19. Bf5 Rab8 20. Bxf6 Nxf6 21. Qxc5 Qxc5 22. Rxc5 Rxb2 23. Rxc6 Rxd2 24. Bc2 Kf8 25. Kf1 d4 26. e4 d3 27. Bxa4 Ra8 28. Rc4 Nh5 29. e5 g5 30. Rd1 Rxd1+ 31. Bxd1 Rxa3 32. Rd4 Nf4 33. g3 Ne6 34. Rd5 Ke7 35. Kf2 Ra2+ 36. Kg1 Ra3 37. Kf2 Nc7 38. Rd6 Ra2+ 39. Ke3 Rxh2 40. Rxd3 Ne6 41. Ra3 Rg2 1/2-1/2

[Event "EU-Cup 23rd"]
[Site "Kemer"]
[Date "2007.10.03"]
[Round "1.3"]
[White "Delaney, Killian"]
[Black "Lev, Ronen"]
[Result "0-1"]
[WhiteElo "2023"]
[BlackElo "2414"]
[PlyCount "74"]
[EventDate "2007.10.03"]
[EventType "team-swiss"]
[EventRounds "7"]
[EventCountry "TUR"]
[SourceTitle "CBM 121"]
[Source "ChessBase"]
[SourceDate "2007.11.14"]
[SourceVersion "1"]
[SourceVersionDate "2007.11.14"]
[SourceQuality "1"]
[WhiteTeam "Rathmines"]
[BlackTeam "Herzliya"]
[WhiteTeamCountry "IRL"]
[BlackTeamCountry "ISR"]

1. e4 e5 2. Nf3 Nc6 3. Bc4 Bc5 4. c3 Nf6 5. d4 exd4 6. cxd4 Bb4+ 7. Bd2 Bxd2+ 8. Nbxd2 d5 9. exd5 Nxd5 10. Qb3 Nce7 11. 0-0 0-0 12. Rfe1 c6 13. a4 Rb8 14. Ne5 Be6 15. Ndf3 Nf5 16. a5 Nd6 17. Bf1 Re8 18. a6 f6 19. Nd3 b6 20. Rac1 Rc8 21. Rxc6 Rxc6 22. Rxe6 Rxe6 23. Qxd5 Qe8 24. Nf4 Nf7 25. Nxe6 Qxe6 26. Qb5 Rc1 27. d5 Nd6 28. Qxb6 Qe2 29. Qd8+ Ne8 30. Nd2 Re1 31. Qa5 Rd1 32. Qd8 Re1 33. Qa5 Kf7 34. d6 Nxd6 35. Qc7+ Ke6 36. Qc3 Rd1 37. Qh3+ Ke7 0-1

[Event "Herzliya Steinhart Memorial"]
[Site "Herzliya"]
[Date "2006.12.29"]
[Round "6"]
[White "Deutsch, Eyal"]
[Black "Lev, Ronen"]
[Result "1-0"]
[WhiteElo "2363"]
[BlackElo "2414"]
[PlyCount "155"]
[EventDate "2006.12.07"]
[EventType "tourn"]
[EventRounds "9"]
[EventCountry "ISR"]
[EventCategory "7"]
[SourceTitle "EXT 2008"]
[Source "ChessBase"]
[SourceDate "2007.11.25"]
[SourceVersion "1"]
[SourceVersionDate "2007.11.25"]
[SourceQuality "1"]

1. e4 c5 2. Nc3 Nc6 3. Bb5 Nd4 4. Nf3 Nxb5 5. Nxb5 d6 6. d4 Nf6 7. Nc3 cxd4 8. Qxd4 Bg4 9. Bg5 Bxf3 10. gxf3 e6 11. 0-0-0 h6 12. Bxf6 gxf6 13. Nb5 Rg8 14. Qa4 Qd7 15. Nc7+ Kd8 16. Qxd7+ Kxd7 17. Nxa8 h5 18. Kd2 Bh6+ 19. Ke2 Rxa8 20. Rhg1 Rc8 21. c3 Ke7 22. Rg3 Bf4 23. Rg2 Rc5 24. Rd4 b5 25. a4 a5 26. Rd1 bxa4 27. Kd3 d5 28. Ra1 Rc4 29. Rg8 Bxh2 30. Rh8 Rc5 31. Rxa4 Bc7 32. Ra1 dxe4+ 33. fxe4 f5 34. Ra4 Rb5 35. exf5 Rxf5 36. Ke2 Re5+ 37. Kf1 Rb5 38. Rc4 Bd6 39. Ra8 Kf6 40. Rc6 Bf4 41. Rc4 Bd6 42. Rd4 Be5 43. Rd2 Bf4 44. Rc2 Kg6 45. Rg8+ Kf6 46. Rc8 Ke7 47. Rc4 Bd6 48. Rd4 Bc5 49. Re4 Bd6 50. Rd2 Bc7 51. Red4 Be5 52. Rd7+ Kf6 53. Kg2 Bf4 54. Rc2 Be5 55. Kh3 Bf4 56. Kg2 Be5 57. c4 Rc5 58. Rb7 Bd4 59. Rb5 e5 60. b3 Ke6 61. Rb6+ Ke7 62. Rh6 e4 63. Re2 Re5 64. f4 exf3+ 65. Kxf3 Rxe2 66. Kxe2 f5 67. Rxh5 Ke6 68. Kd3 Bc5 69. Rh8 Kd7 70. Ra8 Bb6 71. Rf8 Ke6 72. Rb8 Bc7 73. Rb7 Kd6 74. Rb5 f4 75. Kd4 Kc6 76. Rf5 Bb6+ 77. c5 Bc7 78. Kc4 1-0

[Event "Herzliya Steinhart Memorial"]
[Site "Herzliya"]
[Date "2006.12.08"]
[Round "2"]
[White "Shutzman, Joseph"]
[Black "Lev, Ronen"]
[Result "1-0"]
[WhiteElo "2255"]
[BlackElo "2414"]
[PlyCount "99"]
[EventDate "2006.12.07"]
[EventType "tourn"]
[EventRounds "9"]
[EventCountry "ISR"]
[EventCategory "7"]
[SourceTitle "EXT 2008"]
[Source "ChessBase"]
[SourceDate "2007.11.25"]
[SourceVersion "1"]
[SourceVersionDate "2007.11.25"]
[SourceQuality "1"]

1. e4 e5 2. Nc3 Nf6 3. f4 d5 4. fxe5 Nxe4 5. Nf3 Be7 6. Qe2 Nxc3 7. dxc3 0-0 8. Bf4 Bf5 9. 0-0-0 Qd7 10. Qd2 Qa4 11. Kb1 Nc6 12. Bg3 Rad8 13. Bd3 Bxd3 14. Qxd3 Qe4 15. Rhe1 Qxd3 16. Rxd3 Rd7 17. Red1 Rfd8 18. c4 Nb4 19. R3d2 c6 20. c3 Na6 21. b4 Nc7 22. Kb2 Ne6 23. Bf2 b5 24. cxd5 cxd5 25. Nd4 Nxd4 26. Bxd4 g6 27. Ra1 Rb8 28. a4 a5 29. axb5 axb4 30. b6 bxc3+ 31. Kxc3 Bd8 32. Ra7 Rdb7 33. Rxb7 Rxb7 34. Rb2 f6 35. exf6 Kf7 36. Rb5 Bxf6 37. Bxf6 Kxf6 38. Kd4 Ke6 39. Kc5 Kd7 40. Kxd5 Kc8 41. Ke6 Rg7 42. Rc5+ Kb8 43. Rc7 Rxc7 44. bxc7+ Kxc7 45. Kf6 Kd6 46. Kg7 Ke6 47. Kxh7 Kf6 48. Kh6 Kf5 49. g3 Kf6 50. g4 1-0

[Event "ISR-chT"]
[Site "Israel"]
[Date "2004.04.16"]
[Round "8"]
[White "Avrukh, Boris"]
[Black "Lev, Ronen"]
[Result "1-0"]
[WhiteElo "2620"]
[BlackElo "2460"]
[PlyCount "77"]
[EventDate "2004.01.03"]
[EventType "team"]
[EventRounds "11"]
[EventCountry "ISR"]
[SourceTitle "CBM 101"]
[Source "ChessBase"]
[SourceDate "2004.07.27"]
[SourceVersion "1"]
[SourceVersionDate "2004.07.27"]
[SourceQuality "1"]

1. d4 d5 2. Nf3 c5 3. c4 dxc4 4. e3 cxd4 5. Bxc4 Qc7 6. Qb3 e6 7. exd4 Nf6 8. 0-0 Be7 9. Nc3 a6 10. Be3 0-0 11. Rac1 Nc6 12. Bd3 Qd6 13. Rfd1 Rd8 14. a3 Bd7 15. Ne4 Nxe4 16. Bxe4 Na5 17. Qc3 Nc6 18. d5 exd5 19. Bxd5 Be6 20. Bb3 Qc7 21. Bxe6 fxe6 22. Qb3 Kf7 23. Bb6 Rxd1+ 24. Rxd1 Qf4 25. Be3 Qc7 26. Rc1 Bf6 27. h3 Rc8 28. Nd2 Qb8 29. Ne4 Be7 30. Re1 Na5 31. Qd1 Nc4 32. Bg5 Bf8 33. Qd7+ Kg8 34. Qxe6+ Kh8 35. Bf4 Re8 36. Qxc4 Qxf4 37. g3 Qe5 38. Kg2 h6 39. Nf6 1-0

[Event "ISR-chT"]
[Site "Israel"]
[Date "2003.03.28"]
[Round "8"]
[White "Lev, Ronen"]
[Black "Kantsler, Boris"]
[Result "0-1"]
[WhiteElo "2449"]
[BlackElo "2491"]
[PlyCount "62"]
[EventDate "2003.01.??"]
[EventType "team"]
[EventRounds "11"]
[EventCountry "ISR"]
[SourceTitle "EXT 2004"]
[Source "ChessBase"]
[SourceDate "2003.11.25"]
[SourceVersion "1"]
[SourceVersionDate "2003.11.25"]
[SourceQuality "1"]

1. d4 d6 2. Nf3 g6 3. c4 Bg7 4. e4 Bg4 5. Be2 Nc6 6. Be3 e5 7. d5 Bxf3 8. Bxf3 Nd4 9. Nd2 Ne7 10. Bxd4 exd4 11. 0-0 0-0 12. b4 a5 13. a3 c6 14. Nb3 axb4 15. axb4 Qb6 16. Qd2 c5 17. b5 Kh8 18. h4 Ng8 19. h5 Bh6 20. Qc2 Nf6 21. hxg6 fxg6 22. Rfe1 Nd7 23. Bg4 Ne5 24. Be6 Qd8 25. Rxa8 Qxa8 26. Ra1 Qd8 27. Na5 d3 28. Qb2 Qf6 29. Qa2 d2 30. Rf1 Be3 31. Nxb7 Qxf2+ 0-1

[Event "ISR-chT"]
[Site "Israel"]
[Date "2003.03.21"]
[Round "7"]
[White "Tyomkin, Dimitri"]
[Black "Lev, Ronen"]
[Result "1/2-1/2"]
[WhiteElo "2492"]
[BlackElo "2449"]
[PlyCount "21"]
[EventDate "2003.01.??"]
[EventType "team"]
[EventRounds "11"]
[EventCountry "ISR"]
[SourceTitle "EXT 2004"]
[Source "ChessBase"]
[SourceDate "2003.11.25"]
[SourceVersion "1"]
[SourceVersionDate "2003.11.25"]
[SourceQuality "1"]

1. d4 d5 2. c4 dxc4 3. Nf3 c5 4. e3 cxd4 5. Bxc4 Qc7 6. Qc2 e6 7. Nxd4 Nc6 8. Nb5 Qb8 9. 0-0 Nf6 10. N1c3 Be7 11. Ne4 1/2-1/2

[Event "ISR-chT"]
[Site "Israel"]
[Date "2002.01.26"]
[Round "3"]
[White "Lev, Ronen"]
[Black "Golod, Vitali"]
[Result "1/2-1/2"]
[WhiteElo "2461"]
[BlackElo "2516"]
[PlyCount "90"]
[EventDate "2002.01.10"]
[EventType "team"]
[EventRounds "11"]
[EventCountry "ISR"]
[SourceTitle "CBM 088"]
[Source "ChessBase"]
[SourceDate "2002.03.21"]
[SourceVersion "1"]
[SourceVersionDate "2002.03.21"]
[SourceQuality "1"]

1. d4 Nf6 2. c4 g6 3. Nc3 d5 4. Nf3 Bg7 5. cxd5 Nxd5 6. e4 Nxc3 7. bxc3 c5 8. Rb1 0-0 9. Be2 b6 10. 0-0 Bb7 11. Qd3 Ba6 12. Qe3 Qd7 13. Bxa6 Nxa6 14. h4 Qa4 15. Rb3 Nc7 16. d5 Qxa2 17. c4 Qc2 18. Nd2 Bd4 19. Qf4 Ne8 20. Rh3 Ng7 21. g4 f6 22. Qh6 Rf7 23. Kh2 Bc3 24. Re1 Bxd2 25. Bxd2 Qxc4 26. Qe3 e6 27. h5 g5 28. h6 Ne8 29. Rc1 Qd4 30. dxe6 Re7 31. Qxd4 cxd4 32. Rc6 Rc7 33. Rxc7 Nxc7 34. Rf3 Nxe6 35. Rxf6 Nc5 36. f3 Rd8 37. Rf5 Nb3 38. Rxg5+ Kf7 39. Rg7+ Ke6 40. Bf4 Rf8 41. Kg3 Rf7 42. Rg5 Rd7 43. Re5+ Kf7 44. Rf5+ Ke6 45. Re5+ Kf7 1/2-1/2

[Event "ISR-chT"]
[Site "Israel"]
[Date "2002.01.18"]
[Round "2"]
[White "Peker, Oleg"]
[Black "Lev, Ronen"]
[Result "1-0"]
[WhiteElo "2404"]
[BlackElo "2461"]
[PlyCount "69"]
[EventDate "2002.01.10"]
[EventType "team"]
[EventRounds "11"]
[EventCountry "ISR"]
[SourceTitle "EXT 2003"]
[Source "ChessBase"]
[SourceDate "2002.11.25"]
[SourceVersion "1"]
[SourceVersionDate "2002.11.25"]
[SourceQuality "1"]

1. d4 d5 2. c4 dxc4 3. Nf3 Nf6 4. e3 e6 5. Bxc4 c5 6. 0-0 a6 7. Qe2 b5 8. Bb3 Bb7 9. a4 Nbd7 10. Rd1 Qb8 11. axb5 axb5 12. Rxa8 Bxa8 13. Nc3 b4 14. Nb1 Be7 15. Nbd2 0-0 16. Nf1 Rc8 17. Bd2 cxd4 18. Nxd4 Nc5 19. Bc4 Nfe4 20. Be1 Nd6 21. Ba2 e5 22. Nf3 e4 23. Ne5 b3 24. Bb1 f6 25. Nc4 Qb5 26. Qg4 Qxc4 27. Rxd6 Rf8 28. Rd1 f5 29. Qg3 Bf6 30. Qc7 Qe2 31. Rc1 Na4 32. Bb4 Rd8 33. Be7 Bxe7 34. Qxe7 Rf8 35. Qe6+ 1-0